00471nam a2200157Ia 4500008004100000020001400041082001500055100002200070245005000092250000700142260004500149300002900194500001900223600002100242650005000263240925s9999 xx 000 0 und d a130961639 a004.68 PER aPerkins ,David T 0aRMON: remote monitoning of SNMP- Managed LANs aNA aNew Jersey:bPrintice- Hall Int.c,1999. axvi,314p.bNAfPhotocopy aIncludes Index aComputer Science aComputer science, information & general works